The declaration of independence and the constitution of the United States of America (ระเบียนเลขที่ 20383)
| 000 -LEADER | |
|---|---|
| fixed length control field | 01327nam a22002417a 4500 |
| 005 - DATE AND TIME OF LATEST TRANSACTION | |
| control field | 20240814174153.0 |
| 008 - FIXED-LENGTH DATA ELEMENTS--GENERAL INFORMATION | |
| fixed length control field | s1974 eng d |
| 040 ## - CATALOGING SOURCE | |
| Original cataloging agency | NALT |
| 041 ## - LANGUAGE CODE | |
| Language code of text/sound track or separate title | eng |
| 090 ## - LOCALLY ASSIGNED LC-TYPE CALL NUMBER (OCLC); LOCAL CALL NUMBER (RLIN) | |
| Classification number (OCLC) (R) ; Classification number, CALL (RLIN) (NR) | KD35.U6.1 U54D 1974 |
| 245 10 - TITLE STATEMENT | |
| Title | The declaration of independence and the constitution of the United States of America |
| 260 3# - PUBLICATION, DISTRIBUTION, ETC. | |
| Place of publication, distribution, etc. | Washington, D.C. : |
| Name of publisher, distributor, etc. | United States Government Printing Office, |
| Date of publication, distribution, etc. | 1974 |
| 300 ## - PHYSICAL DESCRIPTION | |
| Extent | 54 p. ; |
| Other physical details | 23 cm. |
| 505 0# - FORMATTED CONTENTS NOTE | |
| Formatted contents note | House Concurrent Resolution Number 679 --<br/>The Declaration of Independence Notes regarding the signing of the --<br/>Declaration The Constitution of the United States of America Resolution of Monday, --<br/>September 17, 1787 Report of September 17, 1787 Resolution of Friday, September 28, 1787 --<br/>Resolution of Saturday, September 13, 1788 Amendments to the Constitution Proposed amendments to the --<br/>Constitution not ratified by the States Note regarding typographical style Index to names -- <br/>to subjects. |
| 650 04 - SUBJECT ADDED ENTRY--TOPICAL TERM | |
| Topical term or geographic name entry element | Constitutional amendments -- United States |
| 650 04 - SUBJECT ADDED ENTRY--TOPICAL TERM | |
| Topical term or geographic name entry element | Constitutional law -- United States |
| 650 04 - SUBJECT ADDED ENTRY--TOPICAL TERM | |
| Topical term or geographic name entry element | Constitutions |
| 650 04 - SUBJECT ADDED ENTRY--TOPICAL TERM | |
| Topical term or geographic name entry element | Constitutions -- United States |
| 650 04 - SUBJECT ADDED ENTRY--TOPICAL TERM | |
| Topical term or geographic name entry element | Declaration of independence -- United States |
| 850 ## - HOLDING INSTITUTION | |
| Holding institution | NALT |
| 942 ## - ADDED ENTRY ELEMENTS (KOHA) | |
| Koha item type | Law Book |
| Source of classification or shelving scheme | Library of Congress Classification |
| 998 ## - LOCAL CONTROL INFORMATION (RLIN) | |
| -- | 25 |
| -- | นีลวัสน์ อินทรักษา |
| Withdrawn status | Lost status | Damaged status | Not for loan | Collection code | Home library | Current library | Total Checkouts | Full call number | Barcode | Date last seen | Price effective from | Koha item type |
|---|---|---|---|---|---|---|---|---|---|---|---|---|
| Law Book collection | National Assembly Library of Thailand | National Assembly Library of Thailand | KD 35.U6.1 U54D 1974 | 3961135138 | 09/06/2017 | 09/06/2017 | Law Book |
